[Event "Ramat Gan Shavuot op"]
[Site "Ramat Gan"]
[Date "2023.05.25"]
[Round "2"]
[White "Sherman, Reem"]
[Black "Duchan, Yoav"]
[Result "1-0"]
[WhiteElo "2306"]
[BlackElo "1906"]
[PlyCount "182"]
[EventDate "2023.05.25"]
[EventType "swiss (rapid)"]
[EventRounds "6"]
[EventCountry "ISR"]
[SourceTitle "CBM 214 Extra"]
[Source "ChessBase"]
[SourceDate "2023.07.31"]
[SourceVersion "1"]
[SourceVersionDate "2023.07.31"]
[SourceQuality "1"]

1. e4 c5 2. Nf3 Nc6 3. d4 cxd4 4. Nxd4 d6 5. Nc3 g6 6. Be3 Bg7 7. f3 Nf6 8. Qd2 0-0 9. 0-0-0 d5 10. Qe1 e5 11. Nxc6 bxc6 12. exd5 cxd5 13. Bg5 Qe8 14. Bxf6 Bxf6 15. Nxd5 Bg5+ 16. Kb1 Bf5 17. g4 Be6 18. Bc4 Qc6 19. Qxe5 Qxc4 20. Qxg5 Rac8 21. c3 f6 22. b3 fxg5 23. bxc4 Rxc4 24. Kb2 Rxf3 25. Rhe1 Bxd5 26. Rxd5 Rxg4 27. Re2 h5 28. Kb3 h4 29. Re6 Kg7 30. Rdd6 h3 31. Ra6 Rg2 32. Rxg6+ Kf7 33. Rgc6 g4 34. Rxa7+ Kg8 35. Rg6+ Kf8 36. Rh6 Kg8 37. a4 Rxh2 38. Rg6+ Kf8 39. Rxg4 Rg2 40. Rh4 Kg8 41. a5 Rgg3 42. Rc7 Rf5 43. Kb4 Rg1 44. Rxh3 Rb1+ 45. Kc4 Rxa5 46. Rd3 Rb8 47. Rdd7 Rg5 48. Re7 Kf8 49. Rh7 Kg8 50. Kd4 Rd8+ 51. Ke4 Rg4+ 52. Kf5 Rg1 53. c4 Rf1+ 54. Ke4 Re1+ 55. Kf3 Rc1 56. Rh4 Rc2 57. Re4 Rc3+ 58. Kf4 Rc1 59. c5 Kf8 60. Rh7 Kg8 61. Rh5 Rc8 62. Ree5 Rc4+ 63. Ke3 Rc1 64. Ref5 Kg7 65. Rhg5+ Kh6 66. Kd4 Rd8+ 67. Ke3 Rc8 68. Rd5 Re8+ 69. Rge5 Rc8 70. Kd2 Rc4 71. Kd3 Rc1 72. Rg5 Re8 73. Rg2 Rc8 74. Rc2 Rd1+ 75. Kc4 Rb1 76. Rd6+ Kg7 77. c6 Kf7 78. Kc5 Rb3 79. Rc4 Rb1 80. Rd2 Re1 81. Rd7+ Ke6 82. Rdd4 Re5+ 83. Kb6 Rb8+ 84. Kc7 Reb5 85. Re4+ Kd5 86. Kd7 Rh8 87. Rcd4+ Kc5 88. Re5+ Kxd4 89. Rxb5 Rh7+ 90. Kc8 Kc4 91. Rg5 Rh8+ 1-0

[Event "Ramat Gan Spring op"]
[Site "Ramat Gan"]
[Date "2023.05.01"]
[Round "1"]
[White "Menahem, Adi"]
[Black "Duchan, Yoav"]
[Result "1-0"]
[WhiteElo "2136"]
[BlackElo "1906"]
[PlyCount "101"]
[EventDate "2023.05.01"]
[EventType "swiss"]
[EventRounds "7"]
[EventCountry "ISR"]
[SourceTitle "CBM 215 Extra"]
[Source "ChessBase"]
[SourceDate "2023.09.30"]
[SourceVersion "1"]
[SourceVersionDate "2023.09.30"]
[SourceQuality "1"]

1. d4 g6 2. Bf4 Bg7 3. Nc3 d6 4. e4 Nc6 5. Nge2 Bg4 6. f3 e5 7. Be3 Bd7 8. Qd2 exd4 9. Nxd4 Nxd4 10. Bxd4 Bxd4 11. Qxd4 Qf6 12. Qd2 Ne7 13. Bc4 0-0 14. 0-0-0 Rab8 15. e5 Qh4 16. Ne4 Bc6 17. g3 Qh3 18. exd6 cxd6 19. Qxd6 Bxe4 20. fxe4 Rbc8 21. Bf1 Qh6+ 22. Qf4 Qh5 23. c3 b5 24. e5 Rc5 25. Bg2 Qxe5 26. Qxe5 Rxe5 27. Rhe1 f6 28. Rxe5 fxe5 29. Be4 Rf2 30. Rd2 Rxd2 31. Kxd2 Kf7 32. Bd3 a6 33. c4 b4 34. c5 Ke6 35. Be4 Nd5 36. Kd3 a5 37. Kc4 Nf6 38. Bg2 e4 39. Kd4 e3 40. Bh3+ Ke7 41. Kxe3 Kd8 42. Kd4 Kc7 43. Ke5 Ng8 44. Bg2 Ne7 45. Be4 a4 46. b3 axb3 47. axb3 Nf5 48. Bxf5 gxf5 49. Kxf5 Kc6 50. Ke6 Kxc5 51. Ke5 1-0

[Event "Ramat Gan Purim Rapid op"]
[Site "Ramat Gan"]
[Date "2023.03.06"]
[Round "4"]
[White "Zakin, Ilay"]
[Black "Duchan, Yoav"]
[Result "0-1"]
[WhiteElo "1679"]
[BlackElo "1829"]
[PlyCount "56"]
[EventDate "2023.03.06"]
[EventType "swiss (rapid)"]
[EventRounds "5"]
[EventCountry "ISR"]
[SourceTitle "CBM 213 Extra"]
[Source "ChessBase"]
[SourceDate "2023.05.31"]
[SourceVersion "1"]
[SourceVersionDate "2023.05.31"]
[SourceQuality "1"]

1. e4 c5 2. Nf3 g6 3. c4 Bg7 4. d4 cxd4 5. Nxd4 Nc6 6. Be3 Nf6 7. Nc3 d6 8. Be2 0-0 9. 0-0 Bd7 10. Nc2 Rc8 11. Rb1 Ne5 12. Na3 Be6 13. b3 Qa5 14. Qc1 Neg4 15. Bd2 Qe5 16. Bf4 Qc5 17. h3 Nh5 18. Na4 Nxf4 19. Qxf4 Qxa3 20. Bxg4 Bxg4 21. Qxg4 Qxa2 22. Qd7 Bd4 23. Qxe7 b5 24. cxb5 Rc2 25. Qxd6 Rxf2 26. Rb2 Rxb2+ 27. Qxd4 Rxg2+ 28. Kh1 Rh2+ 0-1

[Event "ISR-chT U14"]
[Site "Afula"]
[Date "2022.08.22"]
[Round "4"]
[White "Leib, Yoni"]
[Black "Duchan, Yoav"]
[Result "1/2-1/2"]
[WhiteElo "1607"]
[BlackElo "1786"]
[PlyCount "57"]
[EventDate "2022.08.21"]
[EventType "team-tourn"]
[EventRounds "9"]
[EventCountry "ISR"]
[SourceTitle "CBM 210 Extra"]
[Source "ChessBase"]
[SourceDate "2022.11.30"]
[SourceVersion "1"]
[SourceVersionDate "2022.11.30"]
[SourceQuality "1"]

1. d4 Nf6 2. c4 g6 3. Nc3 Bg7 4. e4 d6 5. Be2 0-0 6. Be3 c5 7. d5 e6 8. Nf3 exd5 9. exd5 a6 10. 0-0 Nbd7 11. h3 Rb8 12. Qc2 b5 13. cxb5 axb5 14. Bxb5 Nxd5 15. Nxd5 Rxb5 16. Nc3 Rb8 17. Rad1 Qb6 18. b3 Bb7 19. Nd5 Bxd5 20. Rxd5 Nf6 21. Rdd1 Rbc8 22. Bg5 Rfd8 23. Bxf6 Bxf6 24. Rd5 Qc6 25. Rfd1 Ra8 26. Qd2 Bd4 27. Rg5 Bf6 28. Rd5 Bd4 29. Rg5 1/2-1/2